[Event "DEM U14 2012"]
[Site "Oberhof GER"]
[Date "2012.05.27"]
[Round "1"]
[White "Schröder, Jan-Christian"]
[Black "Hirschmann, Jakob"]
[Result "1-0"]
[Termination "normal"]
[Board "1"]
[WhiteElo "2306"]
[BlackElo "1876"]
[PlyCount "109"]
[WhiteFideId "24662259"]
[BlackFideId "24652067"]
[EventCountry "GER"]
[EventRounds "9"]
[EventType "swiss"]
[EventDate "2012.05.26"]

1. e4 e6 2. d4 d5 3. e5 c5 4. c3 Nc6 5. Nf3 Bd7 6. Be2 f6 7. O-O Qc7 8. Re1
fxe5 9. Nxe5 Nxe5 10. dxe5 O-O-O 11. c4 Bc6 12. Bg4 Qf7 13. cxd5 Rxd5 14. Qe2
Ne7 15. Nc3 Rd8 16. Nb5 Bxb5 17. Qxb5 Nc6 18. Be3 Nd4 19. Bxd4 Rxd4 20. Bf3 a6
21. Qb3 Rb4 22. Qc3 Be7 23. a3 Rb5 24. Rad1 Rd8 25. Rxd8+ Bxd8 26. a4 Ba5 27.
Qc4 Bxe1 28. axb5 axb5 29. Qxc5+ Kb8 30. Qxb5 Qe7 31. g3 Bb4 32. Kg2 h6 33. h4
Bc5 34. h5 Bd4 35. b3 Bc5 36. Qc4 Bb6 37. Bg4 Qc5 38. Qxc5 Bxc5 39. Bxe6 Be7
40. f4 Kc7 41. Kf3 Kd8 42. Ke4 Ke8 43. Kf5 Kf8 44. g4 Bb4 45. Bd5 b6 46. g5
hxg5 47. fxg5 Bd2 48. Kg6 Bf4 49. e6 Be5 50. Kh7 Bd6 51. h6 gxh6 52. g6 Be5 53.
Kxh6 Bf6 54. e7+ Kxe7 55. g7 1-0

[Event "DEM U14 2012"]
[Site "Oberhof GER"]
[Date "2012.05.27"]
[Round "1"]
[White "Keller, Peter"]
[Black "Grigorian, Spartak"]
[Result "0-1"]
[Termination "normal"]
[Board "2"]
[WhiteElo "1931"]
[BlackElo "2078"]
[PlyCount "73"]
[WhiteFideId "1272105"]
[BlackFideId "24661490"]
[EventCountry "GER"]
[EventRounds "9"]
[EventType "swiss"]
[EventDate "2012.05.26"]

1. e4 c5 2. Nf3 d6 3. d4 cxd4 4. Nxd4 Nf6 5. Nc3 Nc6 6. Bc4 e6 7. Bb3 Be7 8.
Be3 a6 9. f4 O-O 10. Qf3 Bd7 11. O-O-O Qc7 12. g4 Nxd4 13. Rxd4 e5 14. Nd5 Bxg4
15. Qg2 Nxd5 16. Rxd5 Be6 17. Rd3 Bxb3 18. Rxb3 Rfc8 19. f5 Bf6 20. h4 Qe7 21.
Rg1 Kh8 22. Bg5 Rc7 23. Rg3 Bxg5+ 24. hxg5 f6 25. Rh1 fxg5 26. Rxg5 Rac8 27. c3
Qf6 28. Rg6 Qf7 29. Qh3 Qg8 30. Kb1 Rd8 31. f6 Rf7 32. Rhg1 Rdd7 33. Qh4 Qf8
34. Rh1 gxf6 35. Rh6 Qg7 36. Qh3 Qg5 37. Qe6 0-1

[Event "DEM U14 2012"]
[Site "Oberhof GER"]
[Date "2012.05.27"]
[Round "1"]
[White "Baskin, Robert"]
[Black "Sabirov, Ramil"]
[Result "0-1"]
[Termination "normal"]
[Board "3"]
[WhiteElo "2068"]
[BlackElo "1784"]
[PlyCount "94"]
[WhiteFideId "24662402"]
[BlackFideId "12900303"]
[EventCountry "GER"]
[EventRounds "9"]
[EventType "swiss"]
[EventDate "2012.05.26"]

1. e4 c5 2. Nf3 Nc6 3. d4 cxd4 4. Nxd4 Qb6 5. Nb3 Nf6 6. Nc3 e6 7. Bd3 Be7 8.
O-O a6 9. Be3 Qc7 10. f4 d6 11. Qf3 h5 12. Kh1 Ng4 13. Bg1 b5 14. a4 b4 15. Ne2
Na5 16. Nxa5 Qxa5 17. Bd4 O-O 18. e5 dxe5 19. fxe5 Rb8 20. Qe4 g6 21. Rxf7 Rxf7
22. Qxg6+ Kf8 23. Qxh5 Nf2+ 24. Bxf2 Rxf2 25. Nf4 Rxf4 26. Qh6+ Ke8 27. Qxf4
Bb7 28. Rd1 Bd5 29. Bg6+ Kd7 30. Be4 Rc8 31. Bxd5 exd5 32. Qg4+ Kd8 33. Qg8+
Kc7 34. Qe6 Bc5 35. Qxd5 Qb6 36. Qf7+ Kb8 37. e6 Rd8 38. Qf4+ Ka7 39. Re1 Qd6
40. Qf7+ Qe7 41. Qf5 Rf8 42. Qe4 Rh8 43. Rf1 Rf8 44. Rf4 Qd6 45. Qh7+ Kb6 46.
a5+ Kxa5 47. Qh5 Rxf4 0-1

[Event "DEM U14 2012"]
[Site "Oberhof GER"]
[Date "2012.05.27"]
[Round "1"]
[White "Pfreundt, Jakob"]
[Black "Perske, Thore"]
[Result "1-0"]
[Termination "normal"]
[Board "4"]
[WhiteElo "1828"]
[BlackElo "2073"]
[PlyCount "75"]
[WhiteFideId "12918156"]
[BlackFideId "12902195"]
[EventCountry "GER"]
[EventRounds "9"]
[EventType "swiss"]
[EventDate "2012.05.26"]

1. d4 Nf6 2. Nf3 g6 3. c4 Bg7 4. Nc3 O-O 5. Bg5 h6 6. Bh4 g5 7. Bg3 Nh5 8. Be5
f6 9. g4 fxe5 10. gxh5 exd4 11. Nxd4 Nc6 12. Nxc6 bxc6 13. Bg2 Rb8 14. Qc2 e6
15. O-O Qe8 16. f4 gxf4 17. Bf3 Qe7 18. Kh1 Bd4 19. Qg6+ Qg7 20. Qd3 Rf5 21.
Rad1 Be3 22. Ne4 Qe5 23. Nf2 Bxf2 24. Rxf2 d5 25. Rg2+ Kf7 26. Rdg1 Rg5 27.
Rxg5 hxg5 28. Qg6+ Ke7 29. c5 Qf6 30. Qh7+ Qf7 31. Qh8 Qf6 32. Qg8 Qf7 33.
Qxg5+ Qf6 34. Qg8 Qf8 35. Rg7+ Ke8 36. h6 Qxg8 37. Rxg8+ Kf7 38. h7 1-0

[Event "DEM U14 2012"]
[Site "Oberhof GER"]
[Date "2012.05.27"]
[Round "1"]
[White "Kollars, Dmitrij"]
[Black "Herzum, Peter"]
[Result "0-1"]
[Termination "normal"]
[Board "5"]
[WhiteElo "2005"]
[BlackElo "1783"]
[PlyCount "84"]
[WhiteFideId "12909572"]
[BlackFideId "12919217"]
[EventCountry "GER"]
[EventRounds "9"]
[EventType "swiss"]
[EventDate "2012.05.26"]

1. e4 c5 2. Nf3 d6 3. d4 cxd4 4. Nxd4 Nf6 5. Nc3 a6 6. f4 e5 7. Nf3 Nbd7 8. Bd3
Be7 9. O-O O-O 10. a4 Qc7 11. Kh1 Nc5 12. Qe1 b6 13. Qg3 Nh5 14. Qf2 Nxf4 15.
Bxf4 exf4 16. Nd5 Qb7 17. b4 Nxd3 18. cxd3 Be6 19. Nxe7+ Qxe7 20. Qxb6 Rfb8 21.
Qd4 d5 22. exd5 Rd8 23. Qxf4 Rxd5 24. Rfd1 Rad8 25. Qe4 Qd6 26. d4 Qxb4 27.
Rdb1 Qd6 28. Qh4 h6 29. Rb2 Rb8 30. Rxb8+ Qxb8 31. h3 Rd8 32. Rf1 Bd5 33. Ne5
Qa8 34. Rf2 Rb8 35. Qe7 Rb7 36. Qd6 Be6 37. Kh2 Qb8 38. Qxa6 Rb6 39. Qe2 f6 40.
g3 fxe5 41. dxe5 Rb1 42. Qd3 Qb7 0-1

[Event "DEM U14 2012"]
[Site "Oberhof GER"]
[Date "2012.05.27"]
[Round "1"]
[White "Bach, Jannik"]
[Black "Richter, Leonard"]
[Result "0-1"]
[Termination "normal"]
[Board "6"]
[WhiteElo "1826"]
[BlackElo "1913"]
[PlyCount "112"]
[WhiteFideId "24615900"]
[BlackFideId "12900290"]
[EventCountry "GER"]
[EventRounds "9"]
[EventType "swiss"]
[EventDate "2012.05.26"]

1. e4 c5 2. Nf3 d6 3. d4 cxd4 4. Nxd4 Nf6 5. Nc3 a6 6. h3 e5 7. Nde2 h5 8. g3
Be7 9. Bg2 Nbd7 10. Be3 b5 11. O-O Bb7 12. f4 b4 13. fxe5 dxe5 14. Nd5 Nxd5 15.
exd5 Bc5 16. Qd3 g6 17. Bxc5 Nxc5 18. Qe3 Qd6 19. a3 a5 20. axb4 axb4 21. Rxa8+
Bxa8 22. c4 bxc3 23. Nxc3 O-O 24. Nb5 Qb6 25. Na3 Nd7 26. Qxb6 Nxb6 27. Rd1 Rd8
28. d6 Bxg2 29. Kxg2 f5 30. b3 Kf7 31. Nc4 Nd7 32. Kf3 Rb8 33. Rb1 Ke6 34. b4
Nb6 35. Ne3 Kxd6 36. Rd1+ Ke6 37. Rc1 e4+ 38. Ke2 Kd6 39. b5 Rc8 40. Rd1+ Kc5
41. g4 hxg4 42. Rc1+ Kxb5 43. Rxc8 Nxc8 44. hxg4 Ne7 45. gxf5 gxf5 46. Nc2 Kc4
47. Ne3+ Kc3 48. Nd1+ Kd4 49. Ne3 f4 50. Nc2+ Kc3 51. Ne1 Nf5 52. Kf2 Ne3 53.
Nf3 exf3 54. Kxf3 Nd5 55. Ke4 Kd2 56. Kf3 Ke1 0-1

[Event "DEM U14 2012"]
[Site "Oberhof GER"]
[Date "2012.05.27"]
[Round "1"]
[White "Sawlin, Leonid"]
[Black "Stein, Daniel"]
[Result "1-0"]
[Termination "normal"]
[Board "7"]
[WhiteElo "1925"]
[BlackElo "1645"]
[PlyCount "69"]
[WhiteFideId "4689542"]
[BlackFideId "12939307"]
[EventCountry "GER"]
[EventRounds "9"]
[EventType "swiss"]
[EventDate "2012.05.26"]

1. e4 c5 2. Nf3 e6 3. d4 cxd4 4. Nxd4 a6 5. Nc3 Qc7 6. Bd3 Nf6 7. O-O Nc6 8.
Nb3 b5 9. a3 Bb7 10. f4 d6 11. Bd2 Be7 12. Qf3 h5 13. Rae1 Ng4 14. Qe2 Qb6+ 15.
Kh1 Bh4 16. g3 Bf6 17. h3 Nh6 18. Kh2 Nd4 19. Nxd4 Bxd4 20. Nd1 Qc6 21. Bc3 Bf6
22. f5 Ke7 23. fxe6 fxe6 24. Ne3 Qe8 25. Nd5+ exd5 26. exd5+ Kf8 27. Qd2 Ng4+
28. hxg4 hxg4+ 29. Kg1 Qh5 30. Be4 Kf7 31. Rf5 Qh6 32. Qf2 Rae8 33. Bxf6 gxf6
34. Rf1 Rhf8 35. Rxf6+ 1-0

[Event "DEM U14 2012"]
[Site "Oberhof GER"]
[Date "2012.05.27"]
[Round "1"]
[White "Schmidt, Tobias"]
[Black "Müller, Constantin"]
[Result "0-1"]
[Termination "normal"]
[Board "8"]
[WhiteElo "1735"]
[BlackElo "1921"]
[PlyCount "122"]
[WhiteFideId "1271683"]
[BlackFideId "24697630"]
[EventCountry "GER"]
[EventRounds "9"]
[EventType "swiss"]
[EventDate "2012.05.26"]

1. e4 c5 2. c3 e6 3. d4 d5 4. exd5 exd5 5. Nf3 a6 6. Be3 Nd7 7. Bd3 Ngf6 8.
Nbd2 c4 9. Bc2 g6 10. O-O Bg7 11. Re1 O-O 12. Bf4 Qb6 13. Qc1 Nh5 14. Bg5 Qc7
15. Nf1 b5 16. Ng3 Ndf6 17. Qd2 Be6 18. Ne5 Rfe8 19. Bh6 Bh8 20. Nxh5 Nxh5 21.
Bd1 Nf6 22. Bf3 Qc8 23. Qf4 Nd7 24. Ng4 f5 25. Rxe6 Rxe6 26. Bxd5 Nf8 27. Re1
Qc6 28. Bxe6+ Nxe6 29. Qe3 Re8 30. Ne5 Qd5 31. Qf3 Qd6 32. Qc6 Qxc6 33. Nxc6
Kf7 34. d5 Nc7 35. Rxe8 Kxe8 36. Nb4 Be5 37. Be3 Bd6 38. Bb6 Na8 39. Ba5 Bxb4
40. Bxb4 Nb6 41. d6 Kd7 42. Kf1 Nd5 43. g3 f4 44. Ke2 fxg3 45. fxg3 Nxb4 46.
cxb4 Kxd6 47. Ke3 Ke5 48. g4 g5 49. a3 Kd5 50. Kd2 Kd4 51. Ke2 Ke4 52. Kd2 Kf3
53. Kc3 Kxg4 54. Kd4 Kh3 55. Kc5 Kxh2 56. Kb6 g4 57. Kxa6 g3 58. Kxb5 g2 59.
Kxc4 g1=Q 60. a4 Qa7 61. a5 Kg3 0-1

[Event "DEM U14 2012"]
[Site "Oberhof GER"]
[Date "2012.05.27"]
[Round "1"]
[White "Peczely, Sebastian Zsombor"]
[Black "Müller, Max"]
[Result "1-0"]
[Termination "normal"]
[Board "9"]
[WhiteElo "2053"]
[BlackElo "1648"]
[PlyCount "105"]
[WhiteFideId "750964"]
[BlackFideId "12900486"]
[EventCountry "GER"]
[EventRounds "9"]
[EventType "swiss"]
[EventDate "2012.05.26"]

1. e4 e6 2. d4 d5 3. exd5 exd5 4. Nf3 Bd6 5. c4 c6 6. Nc3 Nf6 7. Bg5 dxc4 8.
Bxc4 O-O 9. O-O Bf5 10. Nh4 Be6 11. Bxe6 fxe6 12. Qb3 Qc8 13. Rae1 Nd5 14. Ne4
Bf4 15. g3 Bxg5 16. Nxg5 Re8 17. Qd3 Nf6 18. f4 Na6 19. f5 exf5 20. Nxf5 Qd7
21. Qb3+ Nd5 22. Ne4 Re6 23. Nfd6 b6 24. Qf3 Nf6 25. Nxf6+ Rxf6 26. Qb3+ Kf8
27. Ne4 Qxd4+ 28. Kg2 Nc5 29. Rxf6+ gxf6 30. Nxc5 bxc5 31. Rf1 Qe4+ 32. Kh3 Qe7
33. Qc3 Kf7 34. Qf3 Qe6+ 35. g4 Re8 36. Kh4 Rd8 37. g5 Rd4+ 38. Kh5 Rd6 39.
Qxf6+ Qxf6 40. Rxf6+ Rxf6 41. gxf6 Kxf6 42. Kh6 Ke5 43. Kxh7 Kd4 44. h4 Kd3 45.
h5 Kc2 46. h6 Kxb2 47. Kg6 Kxa2 48. h7 a5 49. h8=Q a4 50. Qc3 a3 51. Qc2+ Ka1
52. Qb3 a2 53. Qc2 1-0

[Event "DEM U14 2012"]
[Site "Oberhof GER"]
[Date "2012.05.27"]
[Round "1"]
[White "Berkov, Mikhail"]
[Black "Grunau, Christoph"]
[Result "0-1"]
[Termination "normal"]
[Board "10"]
[WhiteElo "1815"]
[BlackElo "1927"]
[PlyCount "166"]
[WhiteFideId "24678783"]
[BlackFideId "12929760"]
[EventCountry "GER"]
[EventRounds "9"]
[EventType "swiss"]
[EventDate "2012.05.26"]

1. e4 c5 2. Nf3 d6 3. c3 Nf6 4. Be2 e6 5. Qc2 Be7 6. d4 cxd4 7. cxd4 O-O 8. O-O
Nc6 9. Nc3 Bd7 10. Be3 Rc8 11. Rac1 Ng4 12. Qd2 Nxe3 13. Qxe3 a6 14. d5 Ne5 15.
Nxe5 dxe5 16. dxe6 Bxe6 17. Rfd1 Qa5 18. a3 Bc5 19. Qg3 Bd4 20. h3 Rc6 21. Bg4
Bxg4 22. hxg4 Rfc8 23. Rd3 f6 24. g5 fxg5 25. Qxg5 Rf8 26. Rf1 Qb6 27. Qd2 Rcf6
28. Nd1 Rf4 29. Qe2 Qg6 30. Re1 Rh4 31. Rxd4 exd4 32. Qc4+ Qf7 33. Qxd4 Qh5 34.
Qd5+ Qxd5 35. exd5 Rd4 36. Nc3 Rd2 37. f3 Rxb2 38. d6 Rd2 39. Ne4 Rd5 40. Rc1
h6 41. Rc7 Rf7 42. Rc8+ Kh7 43. Re8 Kg6 44. Re6+ Kh7 45. Re8 Rd7 46. Re6 Kg8
47. Re8+ Kf7 48. Rc8 Ra5 49. Rc7 Ke8 50. Rc8+ Kf7 51. Rc7 Ke6 52. Nc5+ Rxc5 53.
Rxc5 Kxd6 54. Rc3 Rc7 55. Rb3 b5 56. Kf2 Rc2+ 57. Kg3 Kc5 58. Re3 Ra2 59. f4
Kd4 60. Rf3 Rc2 61. Rf1 Rc3+ 62. Kg4 Rxa3 63. Rd1+ Ke4 64. Re1+ Kd5 65. Re7 Rc3
66. Ra7 Rc6 67. Rxg7 b4 68. f5 b3 69. Kh5 Rb6 70. Rg6 Rb5 71. f6 Ke6+ 72. Kxh6
b2 73. Kg7 Rg5 74. Rxg5 b1=Q 75. Rg6 Qf5 76. g4 Qe5 77. g5 Kf5 78. Kh7 Qh2+ 79.
Kg7 Qh5 80. f7 Qxg6+ 81. Kh8 Qxf7 82. g6 Qf8+ 83. Kh7 Kf6 0-1

[Event "DEM U14 2012"]
[Site "Oberhof GER"]
[Date "2012.05.27"]
[Round "1"]
[White "Riehle, Marco"]
[Black "Niegsch, Nicolas"]
[Result "1-0"]
[Termination "normal"]
[Board "11"]
[WhiteElo "1835"]
[BlackElo "1687"]
[PlyCount "39"]
[WhiteFideId "12904392"]
[BlackFideId "12932140"]
[EventCountry "GER"]
[EventRounds "9"]
[EventType "swiss"]
[EventDate "2012.05.26"]

1. e4 e5 2. Nc3 Nf6 3. f4 d5 4. fxe5 Nxe4 5. Nf3 Be7 6. Qe2 Nc5 7. d4 Ne6 8.
Be3 c6 9. O-O-O O-O 10. h4 b5 11. Ng5 Nxg5 12. hxg5 Bxg5 13. Kb1 h6 14. g4 Bxe3
15. Qxe3 Qg5 16. Qxg5 hxg5 17. Bd3 f6 18. Rh7 f5 19. Rdh1 Na6 20. Bxf5 1-0

[Event "DEM U14 2012"]
[Site "Oberhof GER"]
[Date "2012.05.27"]
[Round "1"]
[White "Tesch, Davy"]
[Black "Flüchter, Gregor"]
[Result "0-1"]
[Termination "normal"]
[Board "12"]
[WhiteElo "1692"]
[BlackElo "1961"]
[PlyCount "94"]
[WhiteFideId "24679917"]
[BlackFideId "12903396"]
[EventCountry "GER"]
[EventRounds "9"]
[EventType "swiss"]
[EventDate "2012.05.26"]

1. d4 d5 2. Nf3 Nf6 3. e3 c6 4. Bd3 Bg4 5. Nbd2 e6 6. c4 Nbd7 7. Qc2 Be7 8. O-O
Qc7 9. b3 O-O 10. Bb2 Bxf3 11. Nxf3 h6 12. Rfe1 Rac8 13. Rac1 Rfe8 14. Ne5 Nxe5
15. dxe5 Nd7 16. f4 Rcd8 17. Rcd1 Nc5 18. Bh7+ Kh8 19. cxd5 Rxd5 20. Rxd5 cxd5
21. Bd3 Qd7 22. Rc1 Nxd3 23. Qxd3 Rc8 24. Rxc8+ Qxc8 25. Qc3 Qd7 26. Qc2 Kg8
27. Kf2 g6 28. Bd4 b6 29. Ke2 Qb5+ 30. Qd3 Qc6 31. Qc3 Qb5+ 32. Qd3 Qd7 33. Qc3
Kf8 34. g4 Ke8 35. Qc2 Kd8 36. Qc3 Qb7 37. a4 Kd7 38. Qc2 Qc6 39. Qxc6+ Kxc6
40. Kd3 Bb4 41. Ke2 a6 42. Kd3 b5 43. Ke2 Bc5 44. Kd3 Bxd4 45. exd4 Kb6 46. Kc3
Kc6 47. axb5+ Kxb5 0-1

[Event "DEM U14 2012"]
[Site "Oberhof GER"]
[Date "2012.05.27"]
[Round "1"]
[White "Mager, Denis"]
[Black "Geldner, Gerrit"]
[Result "1-0"]
[Termination "normal"]
[Board "13"]
[WhiteElo "1944"]
[BlackElo "1708"]
[PlyCount "91"]
[WhiteFideId "24691127"]
[BlackFideId "24678929"]
[EventCountry "GER"]
[EventRounds "9"]
[EventType "swiss"]
[EventDate "2012.05.26"]

1. d4 d5 2. c4 e6 3. e3 Nf6 4. Nd2 c6 5. b3 Nbd7 6. Bb2 Bd6 7. Ngf3 O-O 8. Bd3
h6 9. O-O Re8 10. Ne5 dxc4 11. Ndxc4 Qc7 12. Qf3 Nb6 13. Nxd6 Qxd6 14. a4 Qd5
15. e4 Qxb3 16. Ba3 Nbd7 17. Nc4 e5 18. Nd6 Rf8 19. Qg3 Nh5 20. Qe3 Qc3 21. d5
Nf4 22. Bc4 Qd4 23. Rad1 Qxe3 24. fxe3 cxd5 25. exd5 Ng6 26. Nxf7 Kh7 27. Bxf8
Ngxf8 28. Bd3+ Kg8 29. Nd6 Nc5 30. Rc1 b6 31. Bb5 Bd7 32. Nf7 Bxb5 33. axb5
Nfd7 34. Ra1 a5 35. bxa6 Rxa6 36. Nd6 Ra4 37. Rxa4 Nxa4 38. Ra1 Nac5 39. Ra8+
Kh7 40. Re8 Kg6 41. Kf2 Kf6 42. Ke2 g6 43. Kd2 h5 44. Kc3 Kg7 45. Kc4 Kf6 46.
Kb5 1-0

[Event "DEM U14 2012"]
[Site "Oberhof GER"]
[Date "2012.05.27"]
[Round "1"]
[White "Janke, Hendrik"]
[Black "Böhning, Kilian"]
[Result "1-0"]
[Termination "normal"]
[Board "14"]
[WhiteElo "1753"]
[BlackElo "1754"]
[PlyCount "89"]
[WhiteFideId "12921831"]
[BlackFideId "1270499"]
[EventCountry "GER"]
[EventRounds "9"]
[EventType "swiss"]
[EventDate "2012.05.26"]

1. e4 Nc6 2. Nc3 Nf6 3. d4 d5 4. e5 Nd7 5. f4 Nb6 6. Be3 Bf5 7. g4 Bd7 8. f5 e6
9. Bd3 Nb4 10. Nf3 Nxd3+ 11. Qxd3 h5 12. fxe6 Bxe6 13. Ng5 Qd7 14. Nxe6 Qxe6
15. gxh5 Rxh5 16. O-O-O O-O-O 17. Rdf1 Nc4 18. Qe2 Rh3 19. Bg5 Rd7 20. Bd2 c5
21. dxc5 Bxc5 22. Kb1 f6 23. Bc1 fxe5 24. Rd1 Kb8 25. Nxd5 Na3+ 26. bxa3 Rxd5
27. Rxd5 Qxd5 28. Rd1 Bd4 29. Bb2 Qd6 30. c3 Qg6+ 31. Ka1 Re3 32. Qc4 Qc2 33.
Rf1 Rf3 34. Qg8+ Kc7 35. Qxg7+ Kc6 36. Qh6+ Kd5 37. Rxf3 Qd1+ 38. Qc1 Qxf3 39.
cxd4 exd4 40. Qg5+ Kc4 41. Qg8+ Kc5 42. Qc8+ Kb5 43. a4+ Kb4 44. a3+ Kb3 45.
Qg8+ 1-0

[Event "DEM U14 2012"]
[Site "Oberhof GER"]
[Date "2012.05.27"]
[Round "2"]
[White "Flüchter, Gregor"]
[Black "Schröder, Jan-Christian"]
[Result "0-1"]
[Termination "normal"]
[Board "1"]
[WhiteElo "1961"]
[BlackElo "2306"]
[PlyCount "100"]
[WhiteFideId "12903396"]
[BlackFideId "24662259"]
[EventCountry "GER"]
[EventRounds "9"]
[EventType "swiss"]
[EventDate "2012.05.26"]

1. e4 e5 2. Nf3 Nc6 3. Bc4 Nf6 4. d4 exd4 5. O-O d6 6. Nxd4 Be7 7. Nc3 O-O 8.
f3 a6 9. Bg5 Nxd4 10. Qxd4 b5 11. Be2 c5 12. Qd2 Be6 13. Bf4 Qb6 14. Kh1 Rad8
15. Nd5 Bxd5 16. exd5 Nd7 17. Rfe1 Bf6 18. c3 Ne5 19. Bf1 a5 20. Rac1 b4 21. c4
a4 22. Rb1 Rb8 23. Rec1 Rfe8 24. Bd3 Qa6 25. Bf1 Rb7 26. Bg5 Bxg5 27. Qxg5 b3
28. a3 Qa5 29. Re1 h6 30. Qg3 Rbe7 31. Rbd1 Qd8 32. f4 Nd7 33. Bd3 Nf6 34. Qh4
Re3 35. Kg1 Qe7 36. Kf1 Ng4 37. Qxe7 R3xe7 38. Rxe7 Rxe7 39. Kg1 g5 40. fxg5
hxg5 41. h3 Ne3 42. Rc1 f5 43. Kf2 Kg7 44. Be2 Nxg2 45. Rg1 Nf4 46. Bf1 Kf6 47.
Kf3 Rh7 48. Rg3 Nxh3 49. Bxh3 Rxh3 50. Rxh3 g4+ 0-1

[Event "DEM U14 2012"]
[Site "Oberhof GER"]
[Date "2012.05.27"]
[Round "2"]
[White "Grigorian, Spartak"]
[Black "Riehle, Marco"]
[Result "1-0"]
[Termination "normal"]
[Board "2"]
[WhiteElo "2078"]
[BlackElo "1835"]
[PlyCount "80"]
[WhiteFideId "24661490"]
[BlackFideId "12904392"]
[EventCountry "GER"]
[EventRounds "9"]
[EventType "swiss"]
[EventDate "2012.05.26"]

1. d4 d5 2. c4 e6 3. Nf3 Nf6 4. Bg5 h6 5. Bh4 c6 6. Nc3 Nbd7 7. e3 Bd6 8. Qc2
O-O 9. Rd1 Qa5 10. Bd3 dxc4 11. Bxc4 Nb6 12. Bd3 Nfd5 13. O-O Nb4 14. Qb1 Nxd3
15. Qxd3 Nd5 16. Ne4 Bc7 17. a3 b6 18. b4 Qa4 19. Nc3 Nxc3 20. Qxc3 Ba6 21.
Rfe1 Rac8 22. e4 Bb7 23. Qb2 c5 24. dxc5 Bxe4 25. Ne5 Bd5 26. Ng4 Qc6 27. Bf6
e5 28. Bxe5 Bxe5 29. Nxe5 Qb7 30. cxb6 Bxg2 31. Rd7 Qa8 32. Rxa7 Qd5 33. Rd7
Qa8 34. Qb3 Bh3 35. Qxh3 Rce8 36. b7 Qb8 37. f4 f6 38. Qg4 g5 39. Qf5 Qa7+ 40.
Kf1 Qa6+ 1-0

[Event "DEM U14 2012"]
[Site "Oberhof GER"]
[Date "2012.05.27"]
[Round "2"]
[White "Richter, Leonard"]
[Black "Mager, Denis"]
[Result "0-1"]
[Termination "normal"]
[Board "3"]
[WhiteElo "1913"]
[BlackElo "1944"]
[PlyCount "58"]
[WhiteFideId "12900290"]
[BlackFideId "24691127"]
[EventCountry "GER"]
[EventRounds "9"]
[EventType "swiss"]
[EventDate "2012.05.26"]

1. e4 c5 2. c3 Nf6 3. e5 Nd5 4. d4 cxd4 5. cxd4 e6 6. Nf3 d6 7. Bc4 Nc6 8. O-O
Be7 9. Qe2 O-O 10. Rd1 Bd7 11. Nc3 Nxc3 12. bxc3 dxe5 13. Nxe5 Nxe5 14. Qxe5
Rc8 15. Bd3 Rxc3 16. Qe4 f5 17. Qxb7 Bc6 18. Qxa7 Qd5 19. f3 Bf6 20. Bf1 Rxf3
21. gxf3 Qxf3 22. Rd3 Qh1+ 23. Kf2 Qxh2+ 24. Ke1 Bh4+ 25. Kd1 Qg1 26. Kc2 Qxf1
27. Bb2 Qe2+ 28. Rd2 Be4+ 29. Kc3 Rc8+ 0-1

[Event "DEM U14 2012"]
[Site "Oberhof GER"]
[Date "2012.05.27"]
[Round "2"]
[White "Sabirov, Ramil"]
[Black "Sawlin, Leonid"]
[Result "0-1"]
[Termination "normal"]
[Board "4"]
[WhiteElo "1784"]
[BlackElo "1925"]
[PlyCount "68"]
[WhiteFideId "12900303"]
[BlackFideId "4689542"]
[EventCountry "GER"]
[EventRounds "9"]
[EventType "swiss"]
[EventDate "2012.05.26"]

1. g3 d5 2. Bg2 e5 3. d3 c6 4. Nf3 Bd6 5. Nbd2 f5 6. e4 Nf6 7. Qe2 O-O 8. O-O
Re8 9. b3 Na6 10. Bb2 d4 11. Nc4 fxe4 12. dxe4 Bc7 13. a4 Nc5 14. Ne1 b5 15.
axb5 cxb5 16. Na3 Rb8 17. Nd3 Nxd3 18. cxd3 Qe7 19. Nb1 a5 20. Nd2 Be6 21. Ba3
b4 22. Bb2 Nd7 23. Qd1 Rec8 24. f4 exf4 25. gxf4 Qh4 26. Bxd4 Bxf4 27. Nf3 Qh5
28. Bb2 Bg4 29. Rf2 Bxh2+ 30. Kf1 Bg3 31. e5 Bxf2 32. Kxf2 Bxf3 33. Bxf3 Qh2+
34. Bg2 Rf8+ 0-1

[Event "DEM U14 2012"]
[Site "Oberhof GER"]
[Date "2012.05.27"]
[Round "2"]
[White "Müller, Constantin"]
[Black "Bilchinski, Anton"]
[Result "0-1"]
[Termination "normal"]
[Board "5"]
[WhiteElo "1921"]
[BlackElo "1837"]
[PlyCount "92"]
[WhiteFideId "24697630"]
[BlackFideId "24615765"]
[EventCountry "GER"]
[EventRounds "9"]
[EventType "swiss"]
[EventDate "2012.05.26"]

1. g3 g6 2. Bg2 Bg7 3. c4 c5 4. Nc3 Nc6 5. e4 e5 6. d3 Nge7 7. Be3 d6 8. Qd2
Nd4 9. Nd5 Nxd5 10. cxd5 Bd7 11. h4 Qb6 12. Bh3 O-O-O 13. Bxd4 cxd4 14. Bxd7+
Rxd7 15. Rc1+ Kb8 16. Nf3 h5 17. Rc4 Bh6 18. Qc2 Rc7 19. b3 Qa5+ 20. b4 Qxb4+
21. Ke2 Rxc4 22. Qxc4 Qb2+ 23. Kf1 Qc1+ 24. Qxc1 Bxc1 25. Ke2 Rc8 26. Ne1 Bh6
27. g4 hxg4 28. h5 gxh5 29. Rxh5 Bf4 30. Rh7 g3 31. Rxf7 gxf2 32. Kxf2 Bd2 33.
Rd7 Bb4 34. a4 Rc1 35. Nf3 Ra1 36. Ng5 Rxa4 37. Ne6 Ra2+ 38. Kf1 Rc2 39. Rd8+
Rc8 40. Ke2 Rxd8 41. Nxd8 Kc7 42. Ne6+ Kb6 43. Kd1 a5 44. Kc2 a4 45. Kb2 Ba5
46. Ng5 Kb5 0-1

[Event "DEM U14 2012"]
[Site "Oberhof GER"]
[Date "2012.05.27"]
[Round "2"]
[White "Herzum, Peter"]
[Black "Peczely, Sebastian Zsombor"]
[Result "1/2-1/2"]
[Termination "normal"]
[Board "6"]
[WhiteElo "1783"]
[BlackElo "2053"]
[PlyCount "106"]
[WhiteFideId "12919217"]
[BlackFideId "750964"]
[EventCountry "GER"]
[EventRounds "9"]
[EventType "swiss"]
[EventDate "2012.05.26"]

1. e4 e5 2. Nf3 Nc6 3. Bb5 a6 4. Ba4 Nge7 5. O-O g6 6. c3 b5 7. Bc2 Bg7 8. d4
exd4 9. cxd4 O-O 10. Re1 d6 11. h3 Bb7 12. Be3 Rc8 13. Qd2 Re8 14. a4 Nb8 15.
axb5 axb5 16. Na3 Ba6 17. Bd3 Qd7 18. Qe2 c6 19. Rac1 f5 20. b4 Bb7 21. Qa2+ d5
22. e5 Na6 23. Qd2 Nc7 24. Bh6 Ne6 25. Bxg7 Kxg7 26. Nc2 h6 27. h4 Rh8 28. g3
Rcf8 29. Kg2 Bc8 30. Rh1 f4 31. Rcg1 Rf7 32. g4 Nc5 33. Kf1 Nxd3 34. Qxd3 Qe6
35. h5 g5 36. Ke2 Bd7 37. Nd2 Nc8 38. f3 Nb6 39. Ra1 Na4 40. Nb3 Ra8 41. Nc5
Nxc5 42. bxc5 Re8 43. Ra5 Rff8 44. Rha1 Qf7 45. Nb4 Kh8 46. Kf2 Re6 47. Ra7 Re7
48. Qa3 Rfe8 49. Qa6 Qh7 50. Rc7 Bxg4 51. Rxe7 Rxe7 52. fxg4 Qe4 53. Nxc6 Qe3+
1/2-1/2

[Event "DEM U14 2012"]
[Site "Oberhof GER"]
[Date "2012.05.27"]
[Round "2"]
[White "Grunau, Christoph"]
[Black "Pfreundt, Jakob"]
[Result "1/2-1/2"]
[Termination "normal"]
[Board "7"]
[WhiteElo "1927"]
[BlackElo "1828"]
[PlyCount "58"]
[WhiteFideId "12929760"]
[BlackFideId "12918156"]
[EventCountry "GER"]
[EventRounds "9"]
[EventType "swiss"]
[EventDate "2012.05.26"]

1. e4 e5 2. Nc3 Nc6 3. f4 exf4 4. Nf3 g5 5. h4 g4 6. Ng5 d6 7. d4 f3 8. gxf3 g3
9. Bc4 Nh6 10. Be3 Na5 11. Bd3 f5 12. Nd5 Be7 13. Qd2 Nc6 14. Nf4 Bxg5 15. hxg5
Nf7 16. Nd5 f4 17. Bxf4 Nxd4 18. O-O-O Nxf3 19. Qe3 g2 20. Nf6+ Ke7 21. Qxf3
gxh1=Q 22. Rxh1 Be6 23. Rxh7 Rxh7 24. Nxh7 Qh8 25. g6 Kd7 26. gxf7 Qxh7 27. e5
Qxf7 28. Qe4 d5 29. Qb4 Rb8 1/2-1/2